Makroindikátory a měnové agregáty v ekonomice ČR
Teoretické východiská a zmeny v praktickom zameraní menovej politiky v ČR (menové agregáty M1, M2, menová báza). Rozbor vybraných ukazovateľov - HDP, inflácia, M1, M2 - v 4 krajinách (ČR, Nemecko, Rakúsko, USA). Vývoj štruktúry ukazovateľov. Prognóza vývoja menových agregátov M1 a M2 do r. 1998. Pre...
Uložené v:
| Hlavný autor: | |
|---|---|
| Ďalší autori: | |
| Médium: | Kapitola |
| Jazyk: | Czech |
| Predmet: | |
| Tagy: |
Žiadne tagy, Buďte prvý, kto otaguje tento záznam!
|
MARC
| LEADER | 00000naa a2200000 4500 | ||
|---|---|---|---|
| 001 | r017092 | ||
| 005 | 20221205101658.6 | ||
| 041 | 0 | |a cze | |
| 044 | |a CZ | ||
| 245 | 1 | 0 | |a Makroindikátory a měnové agregáty v ekonomice ČR |c V. Kadera, V. Rejthar |
| 520 | |a Teoretické východiská a zmeny v praktickom zameraní menovej politiky v ČR (menové agregáty M1, M2, menová báza). Rozbor vybraných ukazovateľov - HDP, inflácia, M1, M2 - v 4 krajinách (ČR, Nemecko, Rakúsko, USA). Vývoj štruktúry ukazovateľov. Prognóza vývoja menových agregátov M1 a M2 do r. 1998. Predpokladaný vývoj úverov emitovaných do ekonomiky ČR. | ||
| 610 | 2 | 0 | |a politika menová |
| 610 | 2 | 0 | |a agregáty menové |
| 610 | 2 | 0 | |a báza menová |
| 610 | 2 | 0 | |a Česko |
| 610 | 2 | 0 | |a produkt domáci hrubý |
| 610 | 2 | 0 | |a inflácia |
| 610 | 2 | 0 | |a ukazovatele |
| 610 | 2 | 0 | |a prognózy |
| 610 | 2 | 0 | |a 1998 |
| 610 | 2 | 0 | |a vývoj |
| 610 | 2 | 0 | |a zásoba peňažná |
| 610 | 2 | 0 | |a úver |
| 610 | 2 | 0 | |a ČSFR |
| 610 | 2 | 0 | |a Nemecko |
| 610 | 2 | 0 | |a Rakúsko |
| 610 | 2 | 0 | |a USA |
| 100 | 1 | |a Kadera, V. | |
| 700 | 1 | |a Rejthar, V. | |